=LDR 00000nam 2200000 4500 =001 INLIS000000000034398 =005 20200304074719 =035 ##$$a 0010-061300000034398 =008 200304################g##########0#ind## =041 ##$$a ind =082 ##$$a 131.3 =090 ##$$a 155.2, Muk t =100 #$$a Muk Kuang =245 1#$$a Think and act like a winner, Berfikir dan bertindak layaknya seorang pemenang/ Muk Kuang /$c Muk Kuang =260 ##$$a Jakarta :$b PT. Buana Ilmu Populer,$c 2007 =300 ##$$a xx,195 hlm. : $b Ilus. ; $c 15 x 22 cm =650 #4$$a Kepribadian =850 ##$$a NBPNMAT =020 ##$$a 978-979-798-550-9 =084 ##$$a 131.3 MUK t =250 ##$$a Cet.1 =990 ##$$a 21008524